书目信息 |
| 题名: |
工业设计中国之路
|
|
| 作者: | 沈榆 , 吕坚 编著 | |
| 分册: | 三 轻工卷 | |
| 出版信息: | 大连 大连理工大学出版社 2019 |
|
| 页数: | 224页 | |
| 开本: | 27cm | |
| 丛书名: | ||
| 单 册: | ||
| 中图分类: | TB47 , TS02 | |
| 科图分类: | ||
| 主题词: | 工业设计--Gong Ye She Ji--中国 , 轻工业--Qing Gong Ye--工业设计--中国 | |
| 电子资源: | ||
| ISBN: | 978-7-5685-1951-9 | |
| 000 | 01399nam0 2200313 450 | |
| 001 | 012001003545 | |
| 005 | 20140102112639.0 | |
| 010 | @a978-7-5685-1951-9@dCNY258.00 | |
| 099 | @aCAL 012019149188 | |
| 100 | @a20191107d2019 em y0chiy50 ea | |
| 101 | 0 | @achi |
| 102 | @aCN@b210000 | |
| 105 | @aa a 000yy | |
| 106 | @ar | |
| 200 | 1 | @a工业设计中国之路@AGong Ye She Ji Zhong Guo Zhi Lu@i轻工卷@h三@d= A genealogy of industrial design in China: light industry Ⅲ@f沈榆, 吕坚编著@zeng |
| 210 | @a大连@c大连理工大学出版社@d2019 | |
| 215 | @a224页@c图@d27cm | |
| 300 | @a国家出版基金项目 | |
| 320 | @a有书目 (第217-219页) | |
| 330 | @a《工业设计中国之路》是呈现中国工业设计发展之路的著作,内容主要是对碎片化的技术文献资料、历史口述资料以及产品实物等进行梳理及研究。“装备”被称作“国之重器”,其工业设计具有高集成度、先进性、综合性、可靠性等特质。本卷内容将通过追踪、挖掘历史资料,呈现工业设计是如何平衡产品性能的先进性和生产的可能性的。只有解决了这一矛盾,研制出的装备才能提升品质,并在各种复杂的环境中很好地完成任务。 | |
| 510 | 1 | @aGenealogy of industrial design in China: light industry Ⅲ@zeng |
| 606 | 0 | @a工业设计@AGong Ye She Ji@y中国 |
| 606 | 0 | @a轻工业@AQing Gong Ye@x工业设计@y中国 |
| 690 | @aTB47@v5 | |
| 690 | @aTS02@v5 | |
| 701 | 0 | @a沈榆@AShen Yu@4编著 |
| 701 | 0 | @a吕坚@ALu^ Jian@4编著 |
| 801 | 0 | @aCN@b北京卓展@c20191020 |
| 905 | @b1212051-2@dTB47@e537@f2 | |
| 工业设计中国之路.轻工卷.三= A genealogy of industrial design in China: light industry Ⅲ/沈榆, 吕坚编著.-大连:大连理工大学出版社,2019 |
| 224页:图;27cm |
| 国家出版基金项目 |
| ISBN 978-7-5685-1951-9:CNY258.00 |
| 《工业设计中国之路》是呈现中国工业设计发展之路的著作,内容主要是对碎片化的技术文献资料、历史口述资料以及产品实物等进行梳理及研究。“装备”被称作“国之重器”,其工业设计具有高集成度、先进性、综合性、可靠性等特质。本卷内容将通过追踪、挖掘历史资料,呈现工业设计是如何平衡产品性能的先进性和生产的可能性的。只有解决了这一矛盾,研制出的装备才能提升品质,并在各种复杂的环境中很好地完成任务。 |
| ● |
| 相关链接 |
|
|
|
|
正题名:工业设计中国之路
索取号:TB47/537
 
预约/预借
| 序号 | 登录号 | 条形码 | 馆藏地/架位号 | 状态 | 备注 |
| 1 | 1212051 | 212120514 | 第二样本阅览室/ [索取号:TB47/537] | 在馆 | |
| 2 | 1212052 | 212120523 | 第三借阅区/ [索取号:TB47/537] | 在馆 |